| 000 | 00346 a2200109 4500 | ||
|---|---|---|---|
| 001 | ART_10727 | ||
| 005 | 20260410161831.0 | ||
| 008 | 260409a | ||
| 245 | 1 | 0 | _aTeoría de la inversión y mercados financieros |
| 100 | 1 | _aMilei, Javier Gerardo | |
| 773 | 0 |
_tActualidad Económica _g- Año XVII, Nº 61 (ene./abr. 2007) _wREV5083 |
|
| 999 |
_c23226 _d23226 |
||